| 000 | 00589nam a2200181 i 4500 | ||
|---|---|---|---|
| 001 | 104049 | ||
| 003 | ES-MaACL | ||
| 005 | 20230906183511.0 | ||
| 007 | t| | ||
| 008 | 051122s1936 sp ||||1| spa d | ||
| 100 | 1 |
_aMez, Adam. _980822 |
|
| 245 | 1 | 3 |
_aEl renacimiento del Islam / _cA. Mez; traducción del alemán por Salvador Vila. |
| 260 |
_aMadrid : _bEstanislao Maestre, _c1936. |
||
| 300 |
_a641 p. ; _c24 cm. |
||
| 500 | _aPublicaciones de las Escuelas de Estudios Arabes de Madrid y Granada. Serie A, nº 4. | ||
| 700 | 1 |
_aVila, Salvador. _9114704 |
|
| 852 |
_aES-MaACL _jA-4306 |
||
| 999 |
_c104049 _d104049 |
||